Waste management licensing regulations applied to the remediation of contaminated land: an update (Record no. 61990)

MARC details
000 -LEADER
fixed length control field 00900cam a2200217 4500
001 - CONTROL NUMBER
control field X103140
008 - FIXED-LENGTH DATA ELEMENTS--GENERAL INFORMATION
fixed length control field 000000n1999 000 0 eng u
035 ## - SYSTEM CONTROL NUMBER
System control number (Sirsi) u103140
110 ## - MAIN ENTRY--CORPORATE NAME
Corporate name or jurisdiction name as entry element Westcott
-- F.J.
245 ## - TITLE STATEMENT
Title Waste management licensing regulations applied to the remediation of contaminated land: an update
260 ## - PUBLICATION, DISTRIBUTION, ETC.
Date of publication, distribution, etc. 1999
490 ## - SERIES STATEMENT
Series statement Land Contamination & Reclamation
Volume/sequential designation 7(4) 1999, 245-251(7)
520 ## - SUMMARY, ETC.
Summary, etc. Updates a previous paper on the application of the Waste Management Licensing Regulations to contaminated land. Looks at how the Environment Agency has clarified its position and the potential impact of the regulations on brownfield developments.
590 ## - LOCAL NOTE (RLIN)
Local note ABS
650 ## - SUBJECT ADDED ENTRY--TOPICAL TERM
Topical term or geographic name entry element CONTAMINATED LAND
650 ## - SUBJECT ADDED ENTRY--TOPICAL TERM
Topical term or geographic name entry element BROWNFIELD LAND
650 ## - SUBJECT ADDED ENTRY--TOPICAL TERM
Topical term or geographic name entry element REMEDIATION
650 ## - SUBJECT ADDED ENTRY--TOPICAL TERM
Topical term or geographic name entry element WASTE MANAGEMENT LICENSING REGULATIONS
690 ## - LOCAL SUBJECT ADDED ENTRY--TOPICAL TERM (OCLC, RLIN)
Topical term or geographic name as entry element ENVIRONMENTAL AND LAND CONSULTANCY
942 ## - ADDED ENTRY ELEMENTS (KOHA)
Suppress in OPAC 0
Holdings
Withdrawn status Lost status Source of classification or shelving scheme Damaged status Not for loan Home library Current library Shelving location Date acquired Total Checkouts Full call number Barcode Date last seen Copy number Price effective from Koha item type
    Dewey Decimal Classification     London London Journal article 15/12/1999   X103140 103140-1001 06/08/2019 1 06/08/2019 Journal article